| 000 | 00903nam a2200265Ia 4500 | ||
|---|---|---|---|
| 003 | OSt | ||
| 005 | 20220930092130.0 | ||
| 006 | a|||||r|||| 00| 0 | ||
| 007 | ta | ||
| 008 | 220926b |||||||| |||| 00| 0 eng d | ||
| 024 | _a12323 | ||
| 037 | _cTheses | ||
| 040 |
_aCRL _cCRL _beng |
||
| 041 |
_2eng _aeng |
||
| 100 |
_aMishra Kamal Au. _9547905 |
||
| 110 |
_aUniversity of Delhi. Faculty of Medical Science. Department of Internal Medicine _9547906 |
||
| 245 | 0 | _aTo study the progression of ckd in diabetic and now diabetic patients and factors that influence them in indian scenario | |
| 260 | _c2014 | ||
| 300 |
_a166p. _ap. _ccm. |
||
| 650 | _aMEDICINE | ||
| 700 |
_a Suryanarayana Gu. _9547907 |
||
| 700 |
_aUniversity of Delhi. Faculty of Medical Science. Department of Internal Medicine _9547908 |
||
| 942 |
_cDIS _2CC |
||
| 999 |
_c883278 _d883278 |
||